[Event "Moravia-Silesia Region-chT 2223"]
[Site "Czech Republic"]
[Date "2023.02.26"]
[Round "9"]
[White "Kramolis, Pavel"]
[Black "Sobek, Rostislav"]
[Result "0-1"]
[WhiteElo "1812"]
[BlackElo "1845"]
[PlyCount "86"]
[EventDate "2022.10.09"]
[EventType "team-tourn"]
[EventRounds "11"]
[EventCountry "CZE"]
[SourceTitle "EXT 2024"]
[Source "ChessBase"]
[SourceDate "2023.10.10"]
[SourceVersion "1"]
[SourceVersionDate "2023.10.10"]
[SourceQuality "1"]
[WhiteTeam "Ostrava III"]
[BlackTeam "Karvina"]
[WhiteTeamCountry "CZE"]
[BlackTeamCountry "CZE"]

1. e4 c6 2. Nc3 d5 3. d3 g6 4. g3 Bg7 5. Bg2 Nf6 6. Nge2 d4 7. Nb1 0-0 8. 0-0 e5 9. Nd2 c5 10. h3 Nc6 11. f4 Nh5 12. f5 g5 13. Nb3 b6 14. Nexd4 Nxd4 15. Qxh5 Nxc2 16. f6 Bxf6 17. Rxf6 Qxf6 18. Bxg5 Qg6 19. Qh4 Nxa1 20. Nxa1 f6 21. Bh6 Rd8 22. Bf1 Be6 23. Nc2 Bxa2 24. Ne3 Be6 25. Be2 Rd7 26. Ng4 Rg7 27. Nxf6+ Kh8 28. Bxg7+ Kxg7 29. Nh5+ Kh8 30. Nf6 Rf8 31. Ng4 Bxg4 32. Bxg4 Qf6 33. Qxf6+ Rxf6 34. Kg2 Kg7 35. Bf3 Rd6 36. Be2 a5 37. Kf3 Kf6 38. h4 b5 39. g4 h6 40. Ke3 Ke7 41. Kf3 a4 42. g5 hxg5 43. hxg5 b4 0-1

[Event "Ostrava op"]
[Site "Ostrava"]
[Date "2009.05.06"]
[Round "5"]
[White "Tatarcik, Vladimir"]
[Black "Kramolis, Pavel"]
[Result "1-0"]
[WhiteElo "1945"]
[BlackElo "1770"]
[PlyCount "115"]
[EventDate "2009.05.02"]
[EventType "swiss"]
[EventRounds "9"]
[EventCountry "CZE"]
[SourceTitle "EXT 2011"]
[Source "ChessBase"]
[SourceDate "2010.11.26"]
[SourceVersion "1"]
[SourceVersionDate "2010.11.26"]
[SourceQuality "1"]

1. b4 d5 2. Bb2 Bf5 3. Nf3 e6 4. e3 Nf6 5. c4 Bxb4 6. Qa4+ Nc6 7. Ne5 Rb8 8. Nxc6 bxc6 9. Qxc6+ Qd7 10. Qxd7+ Kxd7 11. Nc3 c6 12. Be2 Ba5 13. Ba3 Bxc3 14. dxc3 Rb1+ 15. Rxb1 Bxb1 16. cxd5 cxd5 17. 0-0 Rb8 18. Bb4 Bxa2 19. Ra1 a5 20. Bxa5 Rb1+ 21. Rxb1 Bxb1 22. Bb5+ Kd6 23. Bb4+ Ke5 24. f3 Kf5 25. Bf8 Kg6 26. g4 h6 27. Bd6 h5 28. h3 hxg4 29. hxg4 Bc2 30. Kf2 Kg5 31. Bf8 Kg6 32. Kg3 Nh7 33. Be7 f6 34. Be8+ Kh6 35. f4 Bg6 36. Bd7 Bf7 37. Kf2 e5 38. Ke1 exf4 39. exf4 g6 40. Kf2 Kg7 41. g5 fxg5 42. fxg5 Nf8 43. Bc6 Be6 44. Ke3 Kf7 45. Bxf8 Kxf8 46. Kd4 Ke7 47. Bxd5 Bf5 48. Ke5 Bc8 49. c4 Bf5 50. c5 Bc8 51. Be4 Kf7 52. Kd6 Bg4 53. Kc7 Ke6 54. Bxg6 Kd5 55. c6 Ke6 56. Kd8 Ke5 57. Be8 Be6 58. c7 1-0

[Event "Ostrava op"]
[Site "Ostrava"]
[Date "2009.05.03"]
[Round "2"]
[White "Kramolis, Pavel"]
[Black "Briza, Jiri"]
[Result "0-1"]
[WhiteElo "1770"]
[BlackElo "1955"]
[PlyCount "58"]
[EventDate "2009.05.02"]
[EventType "swiss"]
[EventRounds "9"]
[EventCountry "CZE"]
[SourceTitle "EXT 2011"]
[Source "ChessBase"]
[SourceDate "2010.11.26"]
[SourceVersion "1"]
[SourceVersionDate "2010.11.26"]
[SourceQuality "1"]

1. e4 e6 2. Nc3 d5 3. exd5 exd5 4. d4 Nf6 5. Bd3 Nc6 6. Nf3 Bg4 7. Be3 Be7 8. 0-0 0-0 9. a3 Qd7 10. Be2 Rad8 11. Ne5 Nxe5 12. dxe5 Bxe2 13. Qxe2 Ng4 14. Nxd5 Qxd5 15. Qxg4 Qxe5 16. c3 h5 17. Qf4 Qd5 18. Qg3 Rd6 19. Bd4 Rg6 20. c4 Qxd4 21. Qxc7 Qe4 22. f3 Qe3+ 23. Kh1 Bd6 24. Qxb7 Rb8 25. Qd5 h4 26. Rae1 Qf4 27. g3 hxg3 28. Rg1 Rxb2 29. Re8+ Kh7 0-1

[Event "Ostrava Konik op-B"]
[Site "Ostrava"]
[Date "2007.05.??"]
[Round "8"]
[White "Kramolis, Pavel"]
[Black "Nieland, Klaus"]
[Result "1-0"]
[WhiteElo "1765"]
[BlackElo "1890"]
[PlyCount "69"]
[EventDate "2007.05.??"]
[EventType "swiss"]
[EventRounds "9"]
[EventCountry "CZE"]
[SourceTitle "EXT 2010"]
[Source "ChessBase"]
[SourceDate "2010.11.25"]
[SourceVersion "1"]
[SourceVersionDate "2010.11.25"]
[SourceQuality "1"]

1. e4 c6 2. d4 d5 3. Nc3 dxe4 4. Nxe4 Bf5 5. Ng3 Bg6 6. h4 h6 7. Nf3 Nd7 8. h5 Bh7 9. Bd3 Bxd3 10. Qxd3 Qc7 11. Ne2 Ngf6 12. Bf4 Qa5+ 13. Bd2 Qc7 14. 0-0-0 e6 15. Bf4 Bd6 16. Bxd6 Qxd6 17. Nd2 Nb6 18. Qg3 Qxg3 19. Nxg3 0-0-0 20. Nde4 Ng4 21. Rh4 f5 22. Nc5 Rhe8 23. Re1 Nxf2 24. Rxe6 Rxe6 25. Nxe6 Rd5 26. Rf4 Kd7 27. Nc5+ Kc7 28. Rxf2 Nc4 29. Rxf5 Nd6 30. Rxd5 cxd5 31. Ne6+ Kd7 32. Nxg7 Ke7 33. N3f5+ Nxf5 34. Nxf5+ Kf6 35. Nxh6 1-0

[Event "Ostrava SMP op"]
[Site "Ostrava"]
[Date "2006.05.02"]
[Round "4"]
[White "Kramolis, Pavel"]
[Black "Sedlacek, Milan"]
[Result "1-0"]
[WhiteElo "1764"]
[BlackElo "1355"]
[PlyCount "77"]
[EventDate "2006.04.29"]
[EventType "swiss"]
[EventRounds "9"]
[EventCountry "CZE"]
[SourceTitle "EXT 2008"]
[Source "ChessBase"]
[SourceDate "2007.11.25"]
[SourceVersion "1"]
[SourceVersionDate "2007.11.25"]
[SourceQuality "1"]

1. e4 e5 2. Nc3 c6 3. Nf3 d6 4. Bc4 Bg4 5. 0-0 Nf6 6. d3 Be7 7. Bd2 b5 8. Bb3 a5 9. a3 Na6 10. h3 Bh5 11. Nb1 0-0 12. Bc3 b4 13. Bd2 Qc7 14. Be3 c5 15. Nbd2 Rac8 16. Nc4 Rfd8 17. axb4 Nxb4 18. c3 Nc6 19. Ncd2 d5 20. exd5 Nxd5 21. Ne4 Qb6 22. Ned2 Nxe3 23. fxe3 Rxd3 24. g4 Bg6 25. Bc2 Rd6 26. Bxg6 Rxg6 27. Nc4 Qc7 28. e4 Rh6 29. Kg2 Re6 30. Qe1 Bd8 31. Qg3 f6 32. Nh4 Qb7 33. Rf2 Qb3 34. Ne3 g6 35. Raf1 Kg7 36. g5 Rd6 37. gxf6+ Bxf6 38. Nhf5+ Kf8 39. Nxd6 1-0

[Event "Ostrava SME op-B"]
[Site "Ostrava"]
[Date "2005.05.06"]
[Round "7"]
[White "Kramolis, Pavel"]
[Black "Snopek, Jiri"]
[Result "1/2-1/2"]
[WhiteElo "1770"]
[BlackElo "1950"]
[PlyCount "69"]
[EventDate "2005.04.30"]
[EventType "swiss"]
[EventRounds "9"]
[EventCountry "CZE"]
[SourceTitle "EXT 2007"]
[Source "ChessBase"]
[SourceDate "2006.11.23"]
[SourceVersion "1"]
[SourceVersionDate "2006.11.23"]
[SourceQuality "1"]

1. e4 c6 2. d4 d5 3. Nc3 dxe4 4. Nxe4 Nd7 5. Nf3 Ngf6 6. Ng3 e6 7. Bd3 Bd6 8. 0-0 0-0 9. Re1 Qc7 10. c3 h6 11. Qc2 b6 12. Qe2 Bb7 13. Ne5 c5 14. Bf4 Rad8 15. Bb5 Nb8 16. Nh5 Qe7 17. Nxf6+ Qxf6 18. Bg3 a6 19. Bd3 b5 20. Qh5 Qg5 21. Qxg5 hxg5 22. Be4 Bxe4 23. Rxe4 f5 24. Re2 f4 25. Ng6 Rf6 26. Nxf4 Bxf4 27. Bxf4 gxf4 28. dxc5 Nc6 29. f3 Kf7 30. Kf2 Rd5 31. b4 Ne5 32. a4 Nc6 33. axb5 axb5 34. Ra6 e5 35. Rb6 1/2-1/2

[Event "Ostrava SME op-B"]
[Site "Ostrava"]
[Date "2005.05.04"]
[Round "5"]
[White "Kramolis, Pavel"]
[Black "Blecha, Zdenek"]
[Result "0-1"]
[WhiteElo "1770"]
[BlackElo "1905"]
[PlyCount "86"]
[EventDate "2005.04.30"]
[EventType "swiss"]
[EventRounds "9"]
[EventCountry "CZE"]
[SourceTitle "EXT 2007"]
[Source "ChessBase"]
[SourceDate "2006.11.23"]
[SourceVersion "1"]
[SourceVersionDate "2006.11.23"]
[SourceQuality "1"]

1. e4 e6 2. d4 d5 3. e5 c5 4. c3 Nc6 5. Nf3 Qb6 6. Bd3 cxd4 7. cxd4 Bb4+ 8. Nc3 Bxc3+ 9. bxc3 Nge7 10. 0-0 h6 11. Rb1 Qc7 12. Bd2 b6 13. Nh4 g5 14. Nf3 Bd7 15. h3 0-0-0 16. c4 dxc4 17. Bxc4 Kb8 18. Qe2 Bc8 19. Be3 Nd5 20. Rfc1 Bb7 21. Bb5 Rc8 22. a4 Qe7 23. Bxc6 Rxc6 24. Rxc6 Bxc6 25. a5 Nc3 26. Qc4 Nxb1 27. Qxc6 Qc7 28. Qb5 Nc3 29. Qb3 Nd5 30. Bd2 Rc8 31. Bb4 Nxb4 32. Qxb4 Kb7 33. Nd2 Qc3 34. Qxc3 Rxc3 35. axb6 axb6 36. Ne4 Rc7 37. Nd6+ Kc6 38. Kf1 b5 39. Ke2 Rd7 40. Kd3 Rxd6 41. exd6 Kxd6 42. g4 Kd5 43. f3 b4 0-1